Educación familiar: guía didáctica de educación en población para educación de adultos

Salvato in:
Dettagli Bibliografici
Ente Autore: Secretaría de Educación Pública (Autore)
Natura: Libro
Lingua:spagnolo
Pubblicazione: Tegucigalpa Secretaria de Educación Pública 1990
Edizione:1a. ed
Soggetti:
Tags: Aggiungi Tag
Nessun Tag, puoi essere il primo ad aggiungerne!!

MARC

LEADER 00000nam a2200000 a 4500
001 UCI6585
003 CL-VaPUC
008 080516e19900000ho |||||||||||||||||spa|d
082 0 4 |a 374  |b SEC  |2 21 
110 2 |a Secretaría de Educación Pública  |e author  |9 529516 
245 1 0 |a Educación familiar: guía didáctica de educación en población para educación de adultos 
250 |a 1a. ed 
300 |a 173 p 
942 |c BK 
945 |d 20080516 00:00:00  |a rbrito 
260 |a Tegucigalpa  |b Secretaria de Educación Pública  |c 1990 
650 0 |a Educación de adultos  |9 307580 
650 0 |a Métodos de enseñanza  |9 270413 
650 0 |a Aprendizaje   |9 254827 
650 7 |a EDUCACION FAMILIAR  |2 CL-VaPUC  |9 309569 
650 0 |a Educación sexual  |9 308005 
650 7 |a MATRIMONIO  |2 CL-VaPUC  |9 529517 
650 0 |a Familias   |9 255641 
583 |a last modification  |c 20171212 06:40:05  |k Rodrigo Vera 
999 |c 330050  |d 330048 
952 |0 0  |1 0  |4 0  |6 374_000000000000000_SEC_1990  |7 0  |8 P  |9 415333  |a BIBEDU  |b BIBEDU  |c BIBEDU_PB  |d 2019-11-22  |i 4440013  |o 374 SEC 1990  |p 4440013  |r 2024-01-25  |w 2019-11-22  |y BK  |k EPE